Logo BPK

Biblioteka

Politechniki Koszalińskiej

Der Dreissigjährige Krieg / (Rekord nr 50669)

Szczegóły MARC
000 -ETYKIETA REKORDU
podpole kontrolne o stałej długości 00745nam a2200229 i 4500
001 - NUMER KONTROLNY REKORDU
pole kontrolne bgj
040 ## - ŹRÓDŁO KATALOGOWANIA
Instytucja, która utworzyła rekord BPK
041 0# - KOD JĘZYKA
Kod języka tekstu ger
008 - POLE O STAŁEJ DŁUGOŚCI - DANE KONTROLNE
podpole kontrolne o stałej długości s gw f |000 0 ger
100 1# - NAZWA OSOBOWA
Nazwa osobowa WEDGWOOD, Cicely Veronica
Daty związane z nazwą (1910-1997)
245 10 - TYTUŁ/ODPOWIEDZIALNOŚĆ
Tytuł Der Dreissigjährige Krieg /
Pozostałe elementy strefy tytułu i oznaczenia odpowiedzialności C. V. Wedgwood ; bibliographische Note von Prof. Dr. Dieter Albrecht.
260 ## - STREFA ADRESU WYDAWNICZEGO
Miejsce wydania München :
Nazwa wydawcy/dystrybutora Paul List Verlag,
Data publikacji, dystrybucji/powstania dokumentu c. 1967.
300 ## - STREFA OPISU FIZYCZNEGO
Objętość 517 S. :
Inne cechy fizyczne Landkarte ;
Rozmiary 21 cm.
504 ## - UWAGA DOTYCZĄCA BIBLIOGRAFII
Informacje o bibliografii Anmerkungen S. 459-504.
504 ## - UWAGA DOTYCZĄCA BIBLIOGRAFII
Informacje o bibliografii Bibliographie S. 509-510.
505 ## - SFORMALIZOWANA UWAGA DOTYCZĄCA ZAWARTOŚCI
Pełny tekst uwagi Register.
650 #9 - HASŁO PRZEDMIOTOWE W FORMIE NAZWY OGÓLNEJ LUB JEDNOSTKOWEJ
Nazwa ogólna lub geograficzna Dreissigjährige Krieg, 1618-1648
651 #9 - HASŁO PRZEDMIOTOWE W FORMIE NAZWY GEOGRAFICZNEJ
Nazwa geograficzna Europa
Określnik ogólny Geschichte, 1517-1648
651 #9 - HASŁO PRZEDMIOTOWE W FORMIE NAZWY GEOGRAFICZNEJ
Nazwa geograficzna Deutschland
Określnik ogólny Geschichte, 1618-1648
700 1# - HASŁO DODATKOWE - NAZWA OSOBOWA
Nazwa osobowa ALBRECHT, Dieter.
856 ## - LOKALIZACJA I DOSTĘP DO ELEKTRONICZNYCH DOKUMENTÓW ZDALNYCH
Link (URL) http://koha.tu.koszalin.pl/cgi-bin/koha/opac-detail.pl?biblionumber=50669
Tekst linku Katalog online BPK
942 ## - DODATKOWE ELEMENTY (KOHA)
Typ dokumentu Książka
Egzemplarze
Wycofany Status egzemplarza Uszkodzony Dostępność Lokalizacja stała Lokalizacja bieżąca Miejsce przechowywania Sygnatura Kod kreskowy Dział Typ dokumentu
      Tylko na miejscu Biblioteka Politechniki Koszalińskiej Biblioteka Politechniki Koszalińskiej Czytelnia Wydziałowa ul. Kwiatkowskiego 6e N 758 01581591 93/94=112.2 Historia (język niemiecki) Książka
© 2023 Biblioteka Politechniki Koszalińskiej :: KOHA